PUBLIC ADMINISTRATION. (Record no. 4104)

MARC details
000 -LEADER
fixed length control field 00274nam a22001097a 4500
008 - FIXED-LENGTH DATA ELEMENTS--GENERAL INFORMATION
fixed length control field 160406b xxu||||| |||| 00| 0 eng d
020 ## - INTERNATIONAL STANDARD BOOK NUMBER
International Standard Book Number 0824784800
082 ## -
Classification number 351 HED
100 ## - MAIN ENTRY--PERSONAL NAME
Personal name RABIN.
245 ## - TITLE STATEMENT
Title PUBLIC ADMINISTRATION.
260 ## - PUBLICATION, DISTRIBUTION, ETC. (IMPRINT)
Place of publication, distribution, etc. BOCARATON;
Name of publisher, distributor, etc. TAYLOR AND FRANCIS,
Date of publication, distribution, etc. 2006.
Holdings
Withdrawn status Lost status Source of classification or shelving scheme Damaged status Koha normalized classification for sorting Not for loan Home library Current library Shelving location Date acquired Total Checkouts Full call number Barcode Date last seen Copy number Price effective from Koha item type
    Dewey Decimal Classification   351_000000000000000_HED   Furaha Dodoma Ground Floor 06/04/2016   351 HED 000000011115 29/07/2019 1 06/04/2016 BOOKS

IRDP © 2021 :: Managed by ICT Team